| 000 | 01046 a2200301 4500 | ||
|---|---|---|---|
| 001 | 200421378 | ||
| 003 | TR-AnTOB | ||
| 005 | 20240829135911.0 | ||
| 008 | 150218s tu 000 0 | ||
| 020 | _a9786054222292 | ||
| 040 |
_aTR-AnTOB _btur _erda _cTR-AnTOB |
||
| 041 | 0 | _atur | |
| 050 | 0 | 0 |
_aD568.3 _bC35 2014 |
| 090 | _aD568.3.C35 2014 | ||
| 245 | 1 | 0 |
_aÇanakkale cephesi'nde bir topçu subayın günlüğü / _cyayına hazırlayanlar Lokman Erdemir, İsmail Güneş. |
| 264 |
_aÇanakkale: _bÇanakkale Üniversitesi, _c2014. |
||
| 300 |
_a115 pages ; _bpicture ; _c21 cm. |
||
| 336 |
_atext _2rdacontent _btxt |
||
| 337 |
_aunmediated _2rdamedia _bn |
||
| 338 |
_avolume _2rdacarrier _bnc |
||
| 504 | _aIncludes index. | ||
| 650 | 0 | 0 |
_aDünya savaşı, 1914-1918 _xSeferler _zTürkiye _zGelibolu yarımadası _vKişisel anlatılar, Türk _927336 |
| 650 |
_aDünya Savaşı, 1914-1918 _vKişisel anlatılar, Türkçe _955615 |
||
| 700 |
_aGüneş, İsmail _9104338 |
||
| 700 | 1 |
_aErdemir, Lokman _9104337 |
|
| 942 |
_cBK _2lcc |
||
| 999 |
_c200421378 _d22778 |
||